000 00324nam a22001337a 4500
008 171016b xxu||||| |||| 00| 0 eng d
020 _a0935391908
041 _aeng
080 _a33
100 _a52
101 _aEKO
245 _aTHE ECONOMICS OF INTERDEPENDENCE MEXICO AND THE UNITED STATES
_cGLADE,W
942 _2udc
_cBK
999 _c34042
_d34042